Critical thinking / (Record no. 20540)

MARC details
000 -LEADER
fixed length control field 00492nam a22001817a 4500
003 - CONTROL NUMBER IDENTIFIER
control field OSt
008 - FIXED-LENGTH DATA ELEMENTS--GENERAL INFORMATION
fixed length control field 240516b2023 |||||||| |||| 00| 0 eng d
020 ## - INTERNATIONAL STANDARD BOOK NUMBER
International Standard Book Number 9789355324764
082 ## - DEWEY DECIMAL CLASSIFICATION NUMBER
Classification number 160
Item number MOO-C
100 ## - MAIN ENTRY--PERSONAL NAME
Personal name Moore, Brooke Noel
245 ## - TITLE STATEMENT
Title Critical thinking /
Statement of responsibility, etc Brooke Noel More and Richard Parker.
250 ## - EDITION STATEMENT
Edition statement 13th
260 ## - PUBLICATION, DISTRIBUTION, ETC. (IMPRINT)
Place of publication, distribution, etc New York :
Name of publisher, distributor, etc McGraw Hill Education,
Date of publication, distribution, etc 2023.
300 ## - PHYSICAL DESCRIPTION
Extent / Pages xxi, 495 p. ;
650 ## - SUBJECT ADDED ENTRY--TOPICAL TERM
Topical term or geographic name as entry element Critical thinking
700 ## - ADDED ENTRY--PERSONAL NAME
Personal name Parker, Richard
942 ## - ADDED ENTRY ELEMENTS (KOHA)
Source of classification or shelving scheme
Koha item type Books
942 ## - ADDED ENTRY ELEMENTS (KOHA)
-- 6
Holdings
Withdrawn status Lost status Source of classification or shelving scheme Damaged status Not for loan Home library Current library Date acquired Source of acquisition Currency Cost, normal purchase price Full call number Barcode Date last seen Copy number Bill Date Koha item type Bill Number Total Checkouts Date last borrowed Total Renewals
          SOBD Library SOBD Library 11/04/2024 Vedi Books INR 795.00 160 MOO-C1 005636 16/05/2024 1 11/04/2024 Reference Books VEDI/24-25/04/11      
          SOBD Library SOBD Library 11/04/2024 Vedi Books INR 795.00 160 MOO-C2 005637 16/05/2024 2 11/04/2024 Books VEDI/24-25/04/11      
          SOBD Library SOBD Library 11/04/2024 Vedi Books INR 795.00 160 MOO-C3 005638 19/06/2025 3 11/04/2024 Books VEDI/24-25/04/11 2 28/05/2025  
          SOBD Library SOBD Library 11/04/2024 Vedi Books INR 795.00 160 MOO-C4 005639 25/07/2024 4 11/04/2024 Books VEDI/24-25/04/11 1 11/07/2024  
          SOBD Library SOBD Library 11/04/2024 Vedi Books INR 795.00 160 MOO-C5 005640 25/11/2024 5 11/04/2024 Books VEDI/24-25/04/11 2 28/10/2024 1
          SOBD Library SOBD Library 11/04/2024 Vedi Books INR 795.00 160 MOO-C6 005641 06/08/2024 6 11/04/2024 Books VEDI/24-25/04/11      
          SOBD Library SOBD Library 11/04/2024 Vedi Books INR 795.00 160 MOO-C7 005642 27/08/2024 7 11/04/2024 Books VEDI/24-25/04/11 1 12/08/2024  
Hosted, Implemented, Customized & Maintained by: BestBookBuddies

Powered by Koha